|
|
|
|
| LEADER |
00000nam a2200000 a 4500 |
| 001 |
vtls001361775 |
| 003 |
SK-MaSNL |
| 005 |
20260301115058.0 |
| 008 |
251113s1985 DE r 0 ger |
| 020 |
|
|
|a 3804686370
|c [611,00]
|
| 035 |
|
|
|a SNK000315356
|
| 040 |
|
|
|a SNK
|b slo
|c SNK
|e AACR2
|
| 044 |
|
|
|a DE
|
| 080 |
|
|
|a 32(430)"19"
|2 1981
|
| 245 |
1 |
|
|a Staatliche und nationale Einheit Deutschlands - ihre Effektivität
|c herausgegeben von Dieter Blumenwitz uns Boris Meissner
|
| 260 |
|
|
|a Köln
|b Wissenschaft und Politik
|c c1984
|
| 300 |
|
|
|a 167 s.
|c 24 cm
|
| 490 |
1 |
|
|a Staats- und völkerrechtliche Abhandlungen der Studiengruppe für Politik und Völkerrecht
|v Bd. 3
|
| 650 |
0 |
7 |
|a zjednotenie Nemecka (1990)
|2 SNK
|9 74507
|
| 700 |
1 |
|
|a Blumenwitz, Dieter,
|d 1939-2005
|4 zos
|9 208703
|
| 700 |
1 |
|
|a Meissner, Boris
|4 zos
|9 459507
|
| 830 |
|
0 |
|a Staats- und völkerrechtliche Abhandlungen der Studiengruppe für Politik und Völkerrecht
|9 351195
|
| 919 |
|
|
|a 3-8046-8637-0
|
| 958 |
|
|
|a OND
|
| 999 |
|
|
|c 720882
|d 722812
|
| 952 |
|
|
|t P60, <04>, [BOOK], {604}
|a SNK
|b SNK
|y VYP
|7 0
|p 17A0189678
|o snkIC 127769
|i snkV 403/99
|0 0
|1 0
|4 0
|d 1999-04-29
|l 0
|r 2005-01-02 00:00:00
|w 2026-02-23
|